| 000 | 00636nam a2200217Ia 4500 | ||
|---|---|---|---|
| 999 |
_c49857 _d49857 |
||
| 001 | 16792 | ||
| 003 | GE_BSU | ||
| 005 | 20200131102009.0 | ||
| 008 | 181216s2007||||fr |||||||||||||| ||fre|| | ||
| 020 | _a9782011555137 | ||
| 080 | _a811.133.1 D-15 | ||
| 100 |
_aDaill,Emmanuelle. _96559 |
||
| 245 |
_aAlter Ego. B1. _bMethode de Frangais. 3 / _cEmmanuelle Daill ; Pascale Trevisiol. |
||
| 260 | _aParis | ||
| 264 |
_aParis : _bHachette, _c2007. |
||
| 300 |
_a112 p .; _bill .; _c28cm. |
||
| 653 | _aAlter Ego. Methode de Frangais | ||
| 653 | _aგრამატიკა | ||
| 700 |
_aTrevisiol, Pascale _96560 |
||
| 942 |
_cBK _2udc |
||